|
|
|
|
| LEADER |
00000nas a2200000 4500 |
| 001 |
ssj0000566 |
| 003 |
WaSeSS |
| 005 |
20200512172242.0 |
| 006 |
m d |
| 007 |
cr n |
| 008 |
751101c19679999abctr p s 0 a0eng |
| 010 |
|
|
|a 76017548
|z cn 84311423
|
| 016 |
|
|
|a (AMICUS)000000088121
|
| 022 |
|
|
|l 0022-0701
|y 0022-0701
|
| 035 |
|
|
|a (WaSeSS)ssj0000566
|
| 040 |
|
|
|a DLC
|b eng
|c MUL
|d YUS
|d NLC
|d DLC
|d NST
|d AIP
|d NLC
|d AIP
|d OCL
|d NST
|d NLC
|d ELM
|d OCL
|d NST
|d GUA
|d OCLCQ
|d NLGGC
|d UAB
|d OCLCQ
|d OCLCF
|d OCLCO
|d OCLCQ
|d GILDS
|d OCLCQ
|d WaSeSS
|
| 041 |
0 |
|
|a eng
|f fre
|
| 042 |
|
|
|a nlc
|a isds/c
|a pcc
|
| 050 |
0 |
0 |
|a L11
|b .J763
|
| 082 |
0 |
4 |
|a 370/.5
|
| 210 |
0 |
|
|a J. educ. thought
|
| 222 |
|
0 |
|a Journal of educational thought
|
| 245 |
0 |
4 |
|a The Journal of educational thought
|h [electronic resource].
|b Revue de la pensée éducative.
|
| 246 |
3 |
1 |
|a Revue de la pensée éducative
|f Aug. 1985-
|
| 246 |
1 |
3 |
|a JET
|f Apr. 1980-
|
| 260 |
|
|
|a Calgary,
|b Faculty of Education, University of Calgary.
|
| 362 |
0 |
|
|a v. 1- Apr. 1967-
|
| 504 |
|
|
|a Includes bibliographical references.
|
| 506 |
|
|
|a License restrictions may limit access.
|
| 546 |
|
|
|a Includes some text in French.
|
| 550 |
|
|
|a Published in conjuction with: Université d'Ottawa, Aug. 1985-Aug. 1987.
|
| 650 |
|
0 |
|a Education
|v Periodicals.
|
| 650 |
|
6 |
|a Éducation
|v Périodiques.
|
| 650 |
|
7 |
|a Education.
|2 fast
|0 (OCoLC)fst00902499
|
| 650 |
1 |
7 |
|a Onderwijs.
|2 gtt
|
| 650 |
1 |
7 |
|a Filosofische aspecten.
|2 gtt
|
| 655 |
|
0 |
|a Electronic journals.
|
| 710 |
2 |
|
|a University of Calgary.
|b Faculty of Education.
|
| 710 |
2 |
|
|a University of Ottawa.
|
| 776 |
1 |
|
|t Journal of educational thought.
|x 0022-0701
|
| 850 |
|
|
|a AAP
|a AU
|a CSt
|a CaMWUC
|a CaNSCS
|a CaNSHD
|a CoU
|a DLC
|a IEN
|a IaAS
|a InU
|a MiU
|a MoSU
|a MsU
|a NN
|a NcCU
|a NjR
|a ViBlbV
|a ViU
|
| 853 |
2 |
0 |
|8 1
|a v.
|b no.
|u 3
|v r
|i (year)
|j (month)
|w t
|x 04
|y pm04,08,12
|
| 856 |
4 |
0 |
|z Full text available from Research Library: 12/01/2004 to 12/31/2011
|u https://search.proquest.com/publication/41372
|
| 863 |
4 |
1 |
|8 1.1
|a <35>
|b <1>
|i <2001>
|j <04>
|